LEADER 01091nas 2200361 a 450 001 996207132903316 005 20240413013119.0 035 $a(OCoLC)37306729 035 $a(CKB)1000000000223794 035 $a(CONSER)sn 97032421 035 $a(EXLCZ)991000000000223794 100 $a19970716a19949999 sy 101 0 $aeng 135 $aurcnu||||| 181 $ctxt$2rdacontent 182 $cc$2rdamedia 183 $acr$2rdacarrier 200 10$aLabyrinth 210 $aGeorgetown, Washington, D.C. $cGeorgetown University 300 $aRefereed/Peer-reviewed 311 $a1561-8927 330 $aLabyrinth is an expanding information network which provides free access to electronic resources in medieval studies. 606 $aMiddle Ages$vDatabases 606 $aCivilization, Medieval$vDatabases 608 $aComputer network resources. 615 0$aMiddle Ages 615 0$aCivilization, Medieval 712 02$aLabyrinth Project. 712 02$aGeorgetown University. 906 $aJOURNAL 912 $a996207132903316 996 $aLabyrinth$92034756 997 $aUNISA